|
|
|
|
| LEADER |
00000ny a22000003n 4500 |
| 005 |
20110516142357.0 |
| 008 |
070206s19uu9999us zx p s 0 eng d |
| 022 |
|
|
|a 1842-3191
|
| 035 |
|
|
|a 5217
|
| 040 |
|
|
|a BUS
|d vLex
|
| 090 |
|
|
|c 1981
|d 1981
|
| 245 |
3 |
0 |
|a Economics, management, and financial markets
|h [Recurso electrn̤ico]
|
| 256 |
|
|
|a Servicio en ln̕ea
|
| 260 |
|
|
|a [s.l]:
|b Denbridge Press,
|
| 310 |
|
|
|a Irregular
|
| 506 |
1 |
|
|a Contenido solo disponible en los productos indicados
|d vLex Global
|d vLex Global (Academic Edition, excluding Law Schools)
|d vLex Global (U.S. Academic Edition, excluding Law Schools)
|
| 650 |
0 |
4 |
|a Gestin̤ de empresas
|x Publicaciones perid̤icas
|
| 650 |
0 |
4 |
|a Mercado financiero
|x Publicaciones perid̤icas
|
| 740 |
|
|
|a vLex Revista (Servicios en ln̕ea)
|
| 843 |
|
|
|a Electrn̤ica. Abierta
|
| 853 |
|
|
|8 1
|i (year)
|j (month)
|k (day)
|
| 856 |
4 |
0 |
|z Acceso restringido
|u http://vlex.com/account/login_ip?fuente_id=5217
|
| 942 |
|
|
|c REV
|